-
RANE, DR.BHUSHAN R.,JAIN DR. ASHISH S.,AND BAKLIWAL,SUNIL R
Entry Personal Name
Number of records used in: 1
001 - CONTROL NUMBER
003 - CONTROL NUMBER IDENTIFIER
005 - DATE AND TIME OF LATEST TRANSACTION
- control field:
20240109113719.0
008 - FIXED-LENGTH DATA ELEMENTS
- fixed length control field:
240109|| aca||aabn | a|a d
040 ## - CATALOGING SOURCE
- Original cataloging agency:
JRU
- Transcribing agency:
JRU
100 ## - HEADING--PERSONAL NAME
- Personal name:
RANE, DR.BHUSHAN R.,JAIN DR. ASHISH S.,AND BAKLIWAL,SUNIL R
670 ## - SOURCE DATA FOUND
- Source citation:
Work cat.: (JRU)5845: RANE, DR.BHUSHAN R.,JAIN DR. ASHISH S.,AND BAKLIWAL,SUNIL R., A PRACTICAL BOOK OF PHARMACEUTICAL ENGINEERING (SEM-III)